Teachers in higher education : Participation in decision making / N.P. Gupta (Record no. 22080)

MARC details
000 -LEADER
fixed length control field 00332nam a2200121Ia 4500
082 ## - DEWEY DECIMAL CLASSIFICATION NUMBER
Classification number RI.003;
100 ## - MAIN ENTRY--AUTHOR NAME
Personal name India. National Commission on
245 #0 - TITLE STATEMENT
Title Teachers in higher education : Participation in decision making / N.P. Gupta
260 ## - PUBLICATION, DISTRIBUTION, ETC. (IMPRINT)
Year of publication 0
300 ## - PHYSICAL DESCRIPTION
Number of Pages 41,50p.
942 ## - ADDED ENTRY ELEMENTS (KOHA)
Koha item type Books
Holdings
Withdrawn status Lost status Damaged status Not for loan Home library Current library Date acquired Bill Date Full call number Accession Number Price effective from Koha item type
        NASSDOC Library NASSDOC Library 08/10/2004 2004-10-22 RI.003; 19861 18/04/2019 Books